LEADER 01007naa a2200229 u 4500 001 000000094050 003 CaOOAMICUS 005 20070226130136.0 008 010725m19891992fr u000 u eng u 035 $a10898533 040 $aPUL(R)$bita 100 1 $aKay, Herma Hill,$d1934-$0(OLS)http://pul/name/60484 245 12$aA defense of Currie's governmental interest analysis /$cby Herma Hill Kay. 260 $a[S. l. :$bs. n.],$c1989-1992. 300 $aP. [1-204] 504 $aBibliografia in nota. 600 14$aCurrie, Brainerd,$d1912-$xPensiero politico e sociale.$0(OLS)http://pul/subject/30099 650 4$aDiritto internazionale pubblico$zStati Uniti.$0(OLS)http://pul/subject/29702 773 0 $tRecueil des cours$gv.III (1989) 773 0 $tRecueil des cours 1989 : collected courses of The Hague Academy of International Law$w()60529 996 $6245$aA defense of Currie's governmental interest analysis$9(OLS)http://pul/title/120906 996 $6260$a[S. l. :$bs. n.]$9(OLS)http://pul/publisher/47882 LEADER 00850naa a2200193 u 4500 001 000000094703 003 CaOOAMICUS 005 20070226130139.0 008 040516s1965 gw u000 u ger u 035 $a10995289 040 $aIAR$bita 100 1 $aBosl, Karl,$d1908-$0(OLS)http://pul/name/6807 245 14$aDer geistige Widerstand am Hofe Ludwigs des Bayern gegen die Kurie /$cKarl Bosl. 260 $aKonstanz ;$aStuttgart :$bJan Thorbecke Verlag,$c1965. 300 $aS. 99-118, ;$c24 cm 773 0 $aDie Welt zur Zeit des Konstanzer Konzils. 773 0 $tDie Welt zur Zeit des Konstanzer Konzils : Reichenau-Vorträge im Herbst 1964$w()46019 996 $6245$aDer geistige Widerstand am Hofe Ludwigs des Bayern gegen die Kurie$9(OLS)http://pul/title/121575 996 $6260$aKonstanz ;$aStuttgart :$bJan Thorbecke Verlag$9(OLS)http://pul/publisher/66318